000 00744nam a22002537a 4500
001 BR9606208
003 BR-BrBNA
005 20230928095255.0
007 ta
008 230509b bl.||||| |||| 00| 0 por d
040 _aBR-BrBNA
_bpor
_cBiblioteca Nacional de Agricultura
041 _a(Por)
072 _aE70
_b1190
090 _ 1190 BR9606208
110 1 _aServico de Apoio as Micro e Pequenas Empresas de Roraima, Boa Vista (Brasil)
_99293
110 1 _aSuperintendencia do Desenvolvimento da Amazonia, Belem, PA (Brasil)
245 1 _aEstudo de mercado; acerola
260 3 _aBoa Vista, RR (Brasil):
_c1995.
300 _a[vp]
650 _aAcerola
650 _aMercado
909 _a202309
_bLucia
_c55
_dLucia Elande
942 _cBK
999 _c55581
_d55581